000 01502nam a22002417a 4500
999 _c6393
_d6393
003 DO-SdBJH
005 20210729153106.0
008 210729b ||||| |||| 00| 0 spa d
040 _aDO-SdBJH
_bspa
_cDO-SdBJH
090 _aTG ANMG
_b01631 2019
100 1 _aDomínguez Roustand, Jean Carlos
_esustentante
245 1 0 _aSituación actual y prospectiva de la unidad de comando anfibios de la Armada de República Dominicana /
_c Jean Carlos Domínguez Roustand, Carlos Javier Páez Avilés, asesores Gertrudis Perera, Francisco Del Rosario Sánchez
260 _aSanto Domingo Este :
_bINSUDE,
_c2019
300 _aiv, 45 páginas
502 _aTrabajo de grado (Licenciado en Ciencias Navales). -- Instituto Superior para la Defensa (INSUDE). Academia Naval Marina de Guerra “Vicealmirante Cesar D’Windt Lavandier”, 2019
504 _aIncluye referencias bibliográficas e índices
505 _aOrigen, descripción y evolución historia de la unidad de comando anfibios de la Armada de República Dominicana. -- Realidad actual e integral de la unidad de comando anfibios de la Armada de República Dominicana. -- Prospectiva de desarrollo de la unidad de comando anfibios
700 1 _aPáez Avilés, Carlos Javier
_esustentante
700 1 _aPerera, Gertrudis
_easesor
700 1 _a Del Rosario Sánchez, Francisco
_easesor
830 _aINSUDE. Academia Naval Marina de Guerra “Vicealmirante Cesar D’Windt Lavandier”. Tesis y disertaciones académicas
942 _2CL
_cT